| 000 | 01302nam a22003257a 4500 | ||
|---|---|---|---|
| 003 | CHAP | ||
| 005 | 20220817043920.0 | ||
| 008 | 031104d2001 mx r 00010 spa d | ||
| 010 | _a87875 | ||
| 011 | _a88847 | ||
| 020 | _a9688209910 | ||
| 035 | _a99392 | ||
| 040 | _cCHAP | ||
| 090 | _aFolleto 16696 | ||
| 110 | 2 | _aMéxico. Presidencia de la República | |
| 245 | 1 | 0 |
_aDiscurso del Presidente de la República, Vicente Fox, durante la primera sesión plenaria de la III Reunión Cumbre de las Américas el 21 de abril de 2001, Quebec, Canada _c/por Presidencia de la República |
| 260 |
_aMéxico, D.F. : _bPresidencia de la República. Coordinación General de Opinión Pública e Imágen, _c2001. |
||
| 590 |
_aBATCH-UPD _b10 _c20130110 _lUCH01 _h0828 |
||
| 590 |
_aBATCH-UPD _b10 _c20130410 _lUCH01 _h0506 |
||
| 590 |
_aBATCH-UPD _b10 _c20130914 _lUCH01 _h1140 |
||
| 590 |
_aCONVERSION _b10 _c20130109 _lUCH01 _h1349 |
||
| 650 | 1 | 4 |
_aDemocracia. _931740 |
| 650 | 1 | 4 |
_aDerechos humanos _xMéxico. _931923 |
| 650 | 1 | 4 |
_aMéxico _xDiscursos, ensayos y conferencias. _976740 |
| 710 | 0 |
_aReunión Cumbre de las Américas ( _n3 : _d2001 : _cQuebec, Canada) _996276 |
|
| 901 | _aBK | ||
| 905 | _aAlejandra Carrasco M. | ||
| 942 | _cFOLL | ||
| 949 |
_aFolleto 16696 _bBC _cFOLL _d33724002001686 _eTS1 _i99392 _sb |
||
| 999 |
_c87875 _d87875 |
||